Derecho internacional Privado./ (Registro nro. 7950)

Detalles MARC
000 -LEADER
fixed length control field 02333nam a2200205Ia 4500
005 - FECHA Y HORA DE LA ÚLTIMA TRANSACCIÓN
control field 20230426180640.0
008 - FIXED-LENGTH DATA ELEMENTS--GENERAL INFORMATION
fixed length control field 230425s9999 xx 000 0 und d
020 ## - INTERNATIONAL STANDARD BOOK NUMBER
International Standard Book Number 9786079000141
040 ## - CATALOGING SOURCE
Original cataloging agency UPAN
Transcribing agency Biblioteca San Vicente
Description conventions RCAA2
041 ## - LANGUAGE CODE
Language code of text/sound track or separate title spa
082 ## - DEWEY DECIMAL CLASSIFICATION NUMBER
Classification number 340.9
Item number A745d
100 ## - MAIN ENTRY--PERSONAL NAME
Personal name Arrellano Garcia, Carlos
Relator code aut.
245 #0 - TITLE STATEMENT
Title Derecho internacional Privado./
Remainder of title Carlos Arellano Garcìa
250 ## - EDITION STATEMENT
Edition statement 17° ed.
260 ## - PUBLICATION, DISTRIBUTION, ETC. (IMPRINT)
Place of publication, distribution, etc Mexico:
Name of publisher, distributor, etc Porrúa,
Date of publication, distribution, etc 2008
300 ## - PHYSICAL DESCRIPTION
Extent 1037 p.:
Dimensions 24 cm.
505 ## - FORMATTED CONTENTS NOTE
Formatted contents note Titulo I. Nociones Generales<br/>Capitulo I. Caracterizaciòn del Derecho Internacional Privado<br/>Capitulo II. Fuentes del Derecho Internacional Privado<br/>Titulo II. La nacionalidda<br/>Capitulo III. El concepto de nacionalidad <br/>Capitulo IV. Antecedentes històricos- legislativos de la nacionalidad en Mèxico<br/>Capitulo V. La nacionalidad Mexicana en el Derecho Vigente<br/>Capitulo VI. Nacionalidad de las personas morales y de las cosas <br/>Titulo III. Condiciòn de extranjeros<br/>Capitulo VII. Nociones doctrinales acerca de la condiciòn de extranjeros<br/>Capitulo VIII. La evoluciòn històrica del concepto de condiciòn de extranjeros<br/>Capitulo IX. Bosquejo històrico de la condiciòn de extranjero en Mèxico<br/>Capitulo X. La condiciòn del extranjero en el Derecho vigente Mexicano<br/>Capitulo XI. Internaciòn y estancia del extranjero en Mèxico<br/>Capitulo XII. Règimen de propiedad del extranjero en Mèxico<br/>Capitulo XIII. Las inversiones extranjeras en Mèxico<br/>Capitulo XIV. Aspectos econòmicos y règimen jurìdico de la tecnologìa<br/>Capitulo XV. La condiciòn jurìdica de las sociedades extranjeras en Mèxico <br/>Titulo IV.Conflictos de leyes<br/>Capitulo XVI. Los conflictos de leyes<br/>Capitulo XVII.Evoluciòn històricas de las doctrinas en materia de conflicto de leyes. Doctrinas antiguas <br/>Capitulo XVIII. Doctrinas modernas<br/>Capitulo XIX. La evoluciòn del Derecho Internacional Privado en Mèxico<br/>Capitulo XX. Los conflictos de leyes en el Sistema Constitucional Mexicano<br/>Capitulo XXI. El reenvìo <br/>Capitulo XXII. La calificaciòn <br/>Capitulo XXIII. El orden pùblico <br/>Capitulo XXIV. El fraude a la ley<br/>Capitulo XXV. Aplicaciòn del Derecho Extranjero<br/>Titulo V. Conflictos de competencia judicial<br/>Capitulo XXVI. Convenciones vigentes de Derecho Internacional Privado
650 ## - SUBJECT ADDED ENTRY--TOPICAL TERM
Source of heading or term LEMB
Topical term or geographic name as entry element Derecho
942 ## - ADDED ENTRY ELEMENTS (KOHA)
Koha item type Libros
Source of classification or shelving scheme Dewey Decimal Classification
Existencias
Withdrawn status Lost status Source of classification or shelving scheme Damaged status Not for loan Collection code Home library Current library Date acquired Total Checkouts Full call number Barcode Date last seen Price effective from Koha item type
    Dewey Decimal Classification     Colección General Biblioteca UPAN San Vicente Biblioteca UPAN San Vicente 25/04/2023   340.9 A745d 12002468 25/04/2023 25/04/2023 Libros
    Dewey Decimal Classification     Colección General Biblioteca UPAN San Vicente Biblioteca UPAN San Vicente 25/04/2023   340.9 A745d 12002502 26/04/2023 25/04/2023 Libros
    Dewey Decimal Classification     Colección General Biblioteca UPAN San Vicente Biblioteca UPAN San Vicente 25/04/2023   340.9 A745d 12002503 26/04/2023 25/04/2023 Libros